<?xml version="1.0" encoding="UTF-8"?>
<record
    xmlns:xsi="http://www.w3.org/2001/XMLSchema-instance"
    xsi:schemaLocation="http://www.loc.gov/MARC21/slim http://www.loc.gov/standards/marcxml/schema/MARC21slim.xsd"
    xmlns="http://www.loc.gov/MARC21/slim">

  <leader>02656nam a2200313 a 4500</leader>
  <controlfield tag="003">CSPC</controlfield>
  <controlfield tag="005">20250911135531.0</controlfield>
  <controlfield tag="007">ta</controlfield>
  <controlfield tag="008">240424s2023    ph a     m    000 0deng  </controlfield>
  <datafield tag="040" ind1=" " ind2=" ">
    <subfield code="a">CSPC</subfield>
    <subfield code="b">eng</subfield>
    <subfield code="c">CSPC</subfield>
    <subfield code="e">rda</subfield>
  </datafield>
  <datafield tag="090" ind1=" " ind2=" ">
    <subfield code="a">UTH BSOA Ag932s 2023</subfield>
  </datafield>
  <datafield tag="100" ind1="1" ind2=" ">
    <subfield code="a">Aguilar, Myra </subfield>
    <subfield code="e">author. </subfield>
  </datafield>
  <datafield tag="245" ind1="1" ind2="0">
    <subfield code="a">Student's perceived satisfaction with service quality in one state college of Camarines Sur /</subfield>
    <subfield code="c">Myra, Aguilar, Jessa May O. Ailes, and Kiana Winnel Isabella L. Alcoy. </subfield>
  </datafield>
  <datafield tag="260" ind1=" " ind2=" ">
    <subfield code="a">Buhi, Camarines Sur :</subfield>
    <subfield code="b">Camarines Sur Polytechnic Colleges,</subfield>
    <subfield code="c">2023.</subfield>
  </datafield>
  <datafield tag="300" ind1=" " ind2=" ">
    <subfield code="a">87 leaves. </subfield>
  </datafield>
  <datafield tag="336" ind1=" " ind2=" ">
    <subfield code="2">rdacontent</subfield>
    <subfield code="a">text</subfield>
  </datafield>
  <datafield tag="337" ind1=" " ind2=" ">
    <subfield code="2">rdamedia</subfield>
    <subfield code="a">unmediated</subfield>
  </datafield>
  <datafield tag="338" ind1=" " ind2=" ">
    <subfield code="2">rdacarrier</subfield>
    <subfield code="a">volume</subfield>
  </datafield>
  <datafield tag="502" ind1=" " ind2=" ">
    <subfield code="a">Undergraduate Thesis (BSOA)- Office Administration </subfield>
    <subfield code="c">Camarines Sur Polytechnic Colleges, 2023. </subfield>
  </datafield>
  <datafield tag="520" ind1="3" ind2=" ">
    <subfield code="a">This study conducted a comprehensive assessment of student satisfaction with the service quality at a state college in Camarines Sur. The research focused on three key areas: the quality of instruction, facilities, and support services. Utilizing a Descriptive Survey Design, data was collected from a diverse group of students at the Camarines Sur Polytechnic Colleges-Buhi Campus, through a meticulously designed questionnaire. The analysis of the collected data revealed that students generally perceive the service quality to be good, with certain aspects rated as excellent. However, the study also identified areas that could benefit from further improvement. The study concludes that the college's service quality is good overall, but there is potential for enhancement. Based on these findings, several recommendations were made. These include encouraging active student participation, improving the state of facilities, and enhancing the responsiveness of support services. The study also recommends conducting regular surveys to monitor student satisfaction and inform strategic planning at the college. The ultimate aim of these recommendation is to enhance the overall student experience and ensure continuous improvement in service quality at the college. This study underscores the importance of service quality in educational institutions and provides a roadmap for enhancing student satisfaction. </subfield>
  </datafield>
  <datafield tag="700" ind1="1" ind2=" ">
    <subfield code="a">Ailes, Jessa May O., </subfield>
    <subfield code="e">author.</subfield>
  </datafield>
  <datafield tag="700" ind1="1" ind2=" ">
    <subfield code="a">Alcoy, Kiana Winnel Isabel L., </subfield>
    <subfield code="e">author.</subfield>
  </datafield>
  <datafield tag="720" ind1="1" ind2=" ">
    <subfield code="a">Estrebello, Genevie A., </subfield>
    <subfield code="e">adviser.</subfield>
  </datafield>
  <datafield tag="720" ind1="1" ind2=" ">
    <subfield code="a">Infante, Leonisa O., </subfield>
    <subfield code="e">panelist, chair.</subfield>
  </datafield>
  <datafield tag="720" ind1="1" ind2=" ">
    <subfield code="a">Marpuri, Jessica C., </subfield>
    <subfield code="e">panelist. </subfield>
  </datafield>
  <datafield tag="720" ind1="1" ind2=" ">
    <subfield code="a">Adriano, Rolando B., </subfield>
    <subfield code="e">panelist. </subfield>
  </datafield>
  <datafield tag="942" ind1=" " ind2=" ">
    <subfield code="2">ddc</subfield>
    <subfield code="n">0</subfield>
    <subfield code="c">UM</subfield>
    <subfield code="h">Ag932s </subfield>
    <subfield code="i">BSOA </subfield>
    <subfield code="k">UTH </subfield>
    <subfield code="m">2024</subfield>
  </datafield>
  <datafield tag="952" ind1=" " ind2=" ">
    <subfield code="0">0</subfield>
    <subfield code="1">0</subfield>
    <subfield code="2">ddc</subfield>
    <subfield code="4">0</subfield>
    <subfield code="7">1</subfield>
    <subfield code="a">BUHI</subfield>
    <subfield code="b">BUHI</subfield>
    <subfield code="c">UTH</subfield>
    <subfield code="d">2024-04-24</subfield>
    <subfield code="l">0</subfield>
    <subfield code="o">UTH BSOA Ag932s 2023</subfield>
    <subfield code="p">00055UM-BUH</subfield>
    <subfield code="r">2024-04-24 00:00:00</subfield>
    <subfield code="t">1-2</subfield>
    <subfield code="w">2024-04-24</subfield>
    <subfield code="y">UM</subfield>
  </datafield>
  <datafield tag="952" ind1=" " ind2=" ">
    <subfield code="0">0</subfield>
    <subfield code="1">0</subfield>
    <subfield code="2">ddc</subfield>
    <subfield code="4">0</subfield>
    <subfield code="7">1</subfield>
    <subfield code="a">BUHI</subfield>
    <subfield code="b">BUHI</subfield>
    <subfield code="c">UTH</subfield>
    <subfield code="d">2024-05-10</subfield>
    <subfield code="l">0</subfield>
    <subfield code="o">UTH BSOA Ag932s 2023</subfield>
    <subfield code="p">00095UM-BUH</subfield>
    <subfield code="r">2024-05-10 00:00:00</subfield>
    <subfield code="t">2-2</subfield>
    <subfield code="w">2024-05-10</subfield>
    <subfield code="y">UM</subfield>
  </datafield>
  <datafield tag="999" ind1=" " ind2=" ">
    <subfield code="c">27509</subfield>
    <subfield code="d">27509</subfield>
  </datafield>
</record>
